Коммуникации стратегического маркетинга: учебное пособие для вузов; пер. с англ.

Bibliographic Details
Main Author: Смит П. Пол
Other Authors: Бэрри К. Крис, Пулдорф А. Алан
Language:Russian
Published: Москва, ЮНИТИ, 2001
Subjects:
Format: Book
KOHA link:https://koha.lib.tpu.ru/cgi-bin/koha/opac-detail.pl?biblionumber=25436

MARC

LEADER 00000nam0a2200000 4500
001 25436
005 20231030200940.0
010 |a 5238002440 
035 |a (RuTPU)RU\TPU\book\25672 
035 |a BOOK00025747 
090 |a 25436 
100 |a 20011209d2001 m y0rusy50 ca 
101 1 |a rus  |c eng 
102 |a RU 
105 |a y j 000zy 
200 1 |a Коммуникации стратегического маркетинга  |e учебное пособие для вузов  |e пер. с англ.  |f П. Смит, К. Бэрри, А. Пулдорф 
210 |a Москва  |c ЮНИТИ  |d 2001 
215 |a 415 с. 
610 1 |a экономика 
610 1 |a бизнес 
610 1 |a маркетинг 
610 1 |a коммуникации 
610 1 |a стратегический маркетинг 
610 1 |a учебные пособия 
686 |a У821.4я73  |v LBC/SL-A  |2 rubbk 
700 1 |a Смит  |b П.  |g Пол 
701 1 |a Бэрри  |b К.  |g Крис 
701 1 |a Пулдорф  |b А.  |g Алан 
801 0 |a RU  |b 63413507  |c 20011209  |g PSBO 
801 2 |a RU  |b 63413507  |c 20121004  |g PSBO 
942 |c BK